LEADER 01045nam a2200277 i 4500 001 000000258014 003 CaOOAMICUS 005 20180409000000.0 008 180409s2012 it u000 u ita u 013 $a236922 020 $a978-88-215-7362-0 040 $aSeMil$bita 100 1 $aPiovano, Adalberto,$c.$0(OLS)http://semarc/name/16976 245 10$aAvarizia /$cAdalberto Piovano. 260 $aCinisello Balsamo :$bSan Paolo,$c2012. 300 $a153 p. ;$c20 cm. 490 0 $aParole per lo spirito ;$v214. 500 $aOmaggio card. Dionigi Tettamanzi. 830 0$aParole per lo spirito ;$v214.$0(OLS)http://semarc/title/32563 850 $aSeMil 852 $aSeMil$W1$xVenegono$y1$m3F II 869$j208360$B208360$CSeMilBibl$Z2$F222313 $81 941 1 $a5 961 $aLascito: Tettamanzi Card. Dionigi 996 $6020$a978-88-215-7362-0$9(OLS)http://semarc/number/283079 996 $6245$aAvarizia$9(OLS)http://semarc/title/413264 996 $6260$aCinisello Balsamo :$bSan Paolo$9(OLS)http://semarc/publisher/30129 LEADER 01784nam a2200313 i 4500 001 000000029806 003 CaOOAMICUS 005 20230320144552.0 008 180830s1783 it u000 u lat u 040 $aSeMil$bita 100 1 $aTricalet, Pierre-Joseph.$0(OLS)http://semarc/name/13611 245 10$aBibliotheca manualis Ecclesiae Patrum complectens illorum vitae, & gestorum breviarium, operum synopsim, illustriora testimonia dogmata, mores, disciplinam spectantia, & selecta vitae spiritualis documenta. Opus Gallice editum a d. Petro Josepho Tricaletio ... Latio donatum notisque brevioribus illustratum ab Eudoxio Philenio ... Tomus 1. [-9.]. 260 $aBassani sed prostant Venetiis :$bApud Remondini,$c1783. 300 $a9 v. ;$c8°. 500 $aFregi, iniz. xilogr. 700 1 $aPhilenius, Eudoxius.$0(OLS)http://semarc/name/13610 700 0 $aRemondini,$c.$0(OLS)http://semarc/name/3017 774 0 $tTomus 1.$g1$w()229185 774 0 $tTomus 2.$g2$w()229187 774 0 $tTomus 3.$g3$w()229192 774 0 $tTomus 4.$g4$w()229189 774 0 $tTomus 5.$g5$w()229190 774 0 $tTomus 6.$g6$w()229191 774 0 $tTomus 7.$g7$w()229188 774 0 $tTomus 8.$g8$w()229186 774 0 $tTomus 9.$g9$w()229193 996 $6245$aBibliotheca manualis Ecclesiae Patrum complectens illorum vitae, & gestorum breviarium, operum synopsim, illustriora testimonia dogmata, mores, disciplinam spectantia, & selecta vitae spiritualis documenta. Opus Gallice editum a d. Petro Josepho Tricaletio ... Latio donatum notisque brevioribus illustratum ab Eudoxio Philenio ... Tomus 1. [-9.]$9(OLS)http://semarc/title/40530 996 $6260$aBassani sed prostant Venetiis :$bApud Remondini$9(OLS)http://semarc/publisher/35083 LEADER 00891nam a2200193 i 4500 001 000000054469 003 CaOOAMICUS 005 19970520000000.0 008 970520n xx u000 u eng u 013 $a25641 040 $aSeMil$bita 100 1 $aKlemme, Dennis C.$0(OLS)http://semarc/name/27122 245 10$aLucid intervals and matrimonial consent :$bhistorical background and jurisprudence of the Sacred Roman Rota. 650 4$aMatrimonio - Diritto canonico.$0(OLS)http://semarc/subject/1701 650 4$aTesi di laurea.$0(OLS)http://semarc/subject/1690 650 4$aTribunali ecclesiastici.$0(OLS)http://semarc/subject/818 850 $aSeMil 852 $aSeMil$W1$xVenegono$y1$m2I I 544$j20623$B20623$CSeMilBibl$Z2$F20625 $81 996 $6245$aLucid intervals and matrimonial consent :$bhistorical background and jurisprudence of the Sacred Roman Rota$9(OLS)http://semarc/title/84313 LEADER 00975nam a2200229 i 4500 001 000000068004 003 CaOOAMICUS 005 20100615000000.0 008 100615s1964 gw u000 u ger u 013 $a39176 040 $aSeMil$bita 100 1 $aMeuthen, Erich <1929- >.$0(OLS)http://semarc/name/11664 245 10$aNikolaus von Kues, 1401-1464 :$bSkizze einer Biographie /$cErich Meuthen. 260 $aMünster :$bAschendorff,$c1964. 300 $a136 p. ;$c21 cm. 490 0 $aBuchreihe der Cusanus-Gesellschaft 600 04$aNiccolò : da Cusa <1401-1464>.$0(OLS)http://semarc/subject/8366 830 0$aBuchreihe der Cusanus-Gesellschaft.$0(OLS)http://semarc/title/28714 850 $aSeMil 852 $aSeMil$W1$xVenegono$y1$m2O II 79$j34157$B34157$CSeMilBibl$Z2$F34160 $81 996 $6245$aNikolaus von Kues, 1401-1464 :$bSkizze einer Biographie$9(OLS)http://semarc/title/108487 996 $6260$aMünster :$bAschendorff$9(OLS)http://semarc/publisher/29674 LEADER 00827nam a2200241 i 4500 001 000000069066 003 CaOOAMICUS 005 20240405153503.0 008 080709n it u000 u ita u 013 $a40238 040 $aSeMil$bita 245 10$aVolume primo. 300 $aXXXIV, 1259 p., [6] c. di tav., [2] c. di tav. ripiegate. 490 0 $aI millenni 500 $aFondo Ciprandi. 773 0 $aIbsen, Henrik <1828-1906>$tDrammi.$b3. edizione.$dTorino : Giulio Einaudi, copyr. 1959.$kMillenni$w()19781 830 2$aI millenni.$0(OLS)http://semarc/title/7877 850 $aSeMil 852 $aSeMil$W1$xVenegono$y1$m1W IV 165$j35219$B35219$CSeMilBibl$Z2$F35222 $81 941 1 $a1 961 $aOmaggio: Ciprandi dott. Paolo 996 $6245$aVolume primo$9(OLS)http://semarc/title/17661 LEADER 01154nam a2200265 i 4500 001 000000082721 003 CaOOAMICUS 005 20180326000000.0 008 180326s2018 it u000 u ita u 013 $a54961 020 $a978-88-922-1353-1 040 $aSeMil$bita 100 1 $aFoà, Benedetta.$0(OLS)http://semarc/name/92003 245 13$aLe doglie del ri-nascere :$bdonne e uomini raccontano il dramma dell'aborto /$cBenedetta Foà. 260 $aCinisello Balsamo :$bSan Paolo,$c2018. 300 $a143 p. ;$c21 cm. 500 $aCon dedica dell'A. a Mons. M. Delpini. - Dono dell'Arcivescovo Mons. Mario Delpini. 650 4$aAborto - Aspetti psicologici.$0(OLS)http://semarc/subject/19077 850 $aSeMil 852 $aSeMil$W1$xVenegono$y1$m2O VII 42$j47544$B47544$CSeMilBibl$Z2$F50320 $81 941 1 $a7 961 $aOmaggio: Delpini mons. Mario 996 $6020$a978-88-922-1353-1$9(OLS)http://semarc/number/271426 996 $6245$aLe doglie del ri-nascere :$bdonne e uomini raccontano il dramma dell'aborto$9(OLS)http://semarc/title/405201 996 $6260$aCinisello Balsamo :$bSan Paolo$9(OLS)http://semarc/publisher/30129 LEADER 00469naa a2200145 i 4500 001 000000301778 003 CaOOAMICUS 005 20180831172728.0 008 180831n xx u000 u und u 013 $a9512 040 $aSeMil$bita 100 1 $aRomagnoli, Sergio.$0(OLS)http://semarc/name/8565 245 10$aCarducci giambico. 773 0 $tCarducci poeta.$dPisa : Giardini editori e stampatori, stampa 1987.$w()35770 996 $6245$aCarducci giambico$9(OLS)http://semarc/title/377768 LEADER 01161nam a2200265 i 4500 001 000000245189 003 CaOOAMICUS 005 20220310124441.0 008 150928s1975 it u000 u ita u 013 $a224094 040 $aSeMil$bita 245 00$aOpere di Ferdinando Galiani /$ca cura di Furio Diaz e Luciano Guerci. 300 $aCXXIX, 1197 p. 541 0 $aFondo card. Giovanni Colombo (3GC VIII 194) 650 4$aGaliani, Ferdinando <1728-1787> - Opere.$0(OLS)http://semarc/subject/42597 700 1 $aGaliani, Ferdinando,$d<1728-1787>.$0(OLS)http://semarc/name/18079 700 1 $aGuerci, Luciano,$d<1941-2017>.$0(OLS)http://semarc/name/18081 700 1 $aDiaz, Furio,$d<1916-2011>.$0(OLS)http://semarc/name/18080 773 0 $tIlluministi italiani.$dMilano ; Napoli : Riccardo Ricciardi, [196-?]$kLetteratura italiana : storia e testi$gTomo6$w()31476 850 $aSeMil 852 $aSeMil$W1$xVenegono$y1$m3GC VIII 194$j195535$B195535$CSeMilBibl$Z2$F206211 $8B 941 1 $a3 961 $aLascito: Colombo Card. Giovanni 996 $6245$aOpere di Ferdinando Galiani$9(OLS)http://semarc/title/53117